The offical Cambridge guide to IELTS for academic & general training Student's book with answers
Saved in:
| Main Author: | |
|---|---|
| Other Authors: | , |
| Format: | Book |
| Published: |
New York
Cambridge university press
2014
|
| Subjects: | |
| Tags: |
Add Tag
No Tags, Be the first to tag this record!
|
| Institutions: | Trung tâm Học liệu Lê Vũ Hùng, Trường Đại học Đồng Tháp |
|---|
| LEADER | 00870pam a22002658a 4500 | ||
|---|---|---|---|
| 001 | 00042635 | ||
| 005 | 20181011161028.0 | ||
| 008 | 160218s2014 ||||||Engsd | ||
| 020 | # | # | |a 9781107620698 |
| 041 | 0 | # | |a Eng |
| 082 | 1 | 4 | |a 428 |b O435P |
| 100 | 0 | # | |a Cullen, Pauline |
| 245 | 1 | 0 | |a The offical Cambridge guide to IELTS for academic & general training |b Student's book with answers |c Pauline Cullen, Amanda French, Vanessa Jakeman |
| 260 | # | # | |a New York |b Cambridge university press |c 2014 |
| 300 | # | # | |e 1 CD |a 402 tr. |c 30 cm. |b ill. ; |
| 653 | # | # | |a IELTS |
| 653 | # | # | |a Tự học |
| 653 | # | # | |a Tiếng Anh |
| 653 | # | # | |a Ngôn ngữ |
| 653 | # | # | |a Luyện thi |
| 700 | 1 | # | |a Jakeman, Vanessa |
| 700 | 1 | # | |a French, Amanda |
| 852 | # | # | |j KD.0024789 |
| 910 | |d 11/10/2018 | ||
| 980 | # | # | |a Trung tâm Học liệu Lê Vũ Hùng, Trường Đại học Đồng Tháp |


